Jednotná organizace podnikového početnictví

Gespeichert in:
Bibliographische Detailangaben
Format: Buch
Sprache:Tschechisch
Veröffentlicht: Praha S. Nepomucký 1947
Tags: Tag hinzufügen
Keine Tags, Fügen Sie das erste Tag hinzu!

MARC

LEADER 00000nam a2200000 4500
001 0267644
005 20240822101709.3
041 0 |a cze 
044 |a CZ 
245 1 0 |a Jednotná organizace podnikového početnictví  |c S. Nepomucký 
264 1 |a Praha  |b S. Nepomucký  |c 1947